Avviamento allo studio della lingua e della letteratura italiana. [Díl] 1 /

Hlavní autor: Bukáček, Josef, 1897-1970
Jazyk: Čeština
Vydáno: Praha : SPN, 1968
Vydání: 2. dopl. vyd.
Edice: Učební texty vysokých škol
Témata:
Fyzický popis: 128 s.
Knihy
Uloženo v:
LEADER 00777nam a22002172a 4500
001 000071405
003 CZ BrMZK
005 20011112092629.0
008 950407s1968 xr f cze d
040 |a BOA001  |b cze 
100 1 |a Bukáček, Josef,  |d 1897-1970  |7 jk01020211 
245 1 0 |a Avviamento allo studio della lingua e della letteratura italiana.  |n [Díl] 1 /  |c Josef Bukáček 
250 |a 2. dopl. vyd. 
260 |a Praha :  |b SPN,  |c 1968 
300 |a 128 s. 
490 1 |a Učební texty vysokých škol 
830 0 |a Učební texty vysokých škol 
910 |a BOA001  |b PK-N-0002.776,1 
964 |a Literatura italská - dějiny - učebnice - školy vysoké 
990 |a BK 
996 7 |b 3119963636  |c PK-N-0002.776,1  |l MZK  |r Sklad / do 1 hodiny  |n 7  |w 000071405  |u 000010  |a 1  |e BOA001  |j MZK50  |s A